<?xml version="1.0" encoding="UTF-8"?>
<record
    xmlns:xsi="http://www.w3.org/2001/XMLSchema-instance"
    xsi:schemaLocation="http://www.loc.gov/MARC21/slim http://www.loc.gov/standards/marcxml/schema/MARC21slim.xsd"
    xmlns="http://www.loc.gov/MARC21/slim">

  <leader>00720nam a22001337a 4500</leader>
  <datafield tag="040" ind1=" " ind2=" ">
    <subfield code="c">RUA</subfield>
  </datafield>
  <datafield tag="082" ind1=" " ind2=" ">
    <subfield code="a">RUB YOR 2017 B662 Or.1</subfield>
  </datafield>
  <datafield tag="100" ind1=" " ind2=" ">
    <subfield code="a">YORN SOKVANN &#x1799;&#x17C9;&#x1793; &#x179F;&#x17BB;&#x1781;&#x179C;&#x17C9;&#x17B6;&#x1793;&#x17CB;</subfield>
  </datafield>
  <datafield tag="245" ind1=" " ind2=" ">
    <subfield code="a">rrimflow stimulation on clones pr 107, GT1 and PB2017 at sopheak nika invesment group Co.,LTd &#x179A;&#x1789;&#x17C1;&#x1785;&#x1780;&#x1798;&#x17D2;&#x1798;RRIMFLOW &#x1791;&#x17C5;&#x179B;&#x17BE;&#x1780;&#x17D2;&#x179B;&#x17BC;&#x1793; PR 107 , GT1 &#x1793;&#x17B7;&#x1784;PB2017 &#x1793;&#x17C5;&#x1780;&#x17D2;&#x179A;&#x17BB;&#x1798;&#x17A0;&#x17CA;&#x17BB;&#x1793; &#x179F;&#x17BB;&#x1797;&#x1780;&#x17D2;&#x178F;&#x17B7;&#x1793;&#x17B8;&#x1780;&#x17B6;&#x179A; &#x17A2;&#x17BB;&#x17B7;&#x1793;&#x179C;&#x17C1;&#x179F;&#x1798;&#x17C1;&#x1793; &#x1782;&#x17D2;&#x179A;&#x17BB;&#x1794; &#x1781;&#x17BC;.,&#x17A2;&#x17B7;&#x179B;&#x1792;&#x17B8;&#x178C;&#x17B8;</subfield>
  </datafield>
  <datafield tag="260" ind1=" " ind2=" ">
    <subfield code="a">RUA</subfield>
    <subfield code="b">phnome penh</subfield>
    <subfield code="c">2017</subfield>
  </datafield>
  <datafield tag="300" ind1=" " ind2=" ">
    <subfield code="a">xii;69p</subfield>
    <subfield code="b">ill;</subfield>
    <subfield code="c">29cm</subfield>
  </datafield>
  <datafield tag="856" ind1=" " ind2=" ">
    <subfield code="u">https://drive.google.com/file/d/1j9TRB2ju6giY82zrClhwZzpbhyxzPMVE/view?usp=sharing</subfield>
  </datafield>
  <datafield tag="942" ind1=" " ind2=" ">
    <subfield code="c">RUB</subfield>
  </datafield>
  <datafield tag="999" ind1=" " ind2=" ">
    <subfield code="c">19148</subfield>
    <subfield code="d">19148</subfield>
  </datafield>
  <datafield tag="952" ind1=" " ind2=" ">
    <subfield code="0">0</subfield>
    <subfield code="1">0</subfield>
    <subfield code="2">ddc</subfield>
    <subfield code="4">0</subfield>
    <subfield code="6">RUB_YOR_2017_000000000000000_B662_OR_1</subfield>
    <subfield code="7">0</subfield>
    <subfield code="9">84080</subfield>
    <subfield code="a">LBB</subfield>
    <subfield code="b">LBB</subfield>
    <subfield code="c">B662</subfield>
    <subfield code="d">2020-04-27</subfield>
    <subfield code="o">RUB YOR 2017 B662 Or.1</subfield>
    <subfield code="p">A44345</subfield>
    <subfield code="r">2020-04-27</subfield>
    <subfield code="w">2020-04-27</subfield>
    <subfield code="y">RUB</subfield>
  </datafield>
  <datafield tag="952" ind1=" " ind2=" ">
    <subfield code="0">0</subfield>
    <subfield code="1">0</subfield>
    <subfield code="2">ddc</subfield>
    <subfield code="4">0</subfield>
    <subfield code="6">RUB_YOR_2017_000000000000000_B662_OR_2</subfield>
    <subfield code="7">0</subfield>
    <subfield code="9">84081</subfield>
    <subfield code="a">LBB</subfield>
    <subfield code="b">LBB</subfield>
    <subfield code="c">B662</subfield>
    <subfield code="d">2020-04-27</subfield>
    <subfield code="o">RUB YOR 2017 B662 Or.2</subfield>
    <subfield code="p">A44220</subfield>
    <subfield code="r">2020-04-27</subfield>
    <subfield code="w">2020-04-27</subfield>
    <subfield code="y">RUB</subfield>
  </datafield>
  <datafield tag="952" ind1=" " ind2=" ">
    <subfield code="0">0</subfield>
    <subfield code="1">0</subfield>
    <subfield code="2">ddc</subfield>
    <subfield code="4">0</subfield>
    <subfield code="6">RUB_YOR_2017_000000000000000_B662_OR_3</subfield>
    <subfield code="7">0</subfield>
    <subfield code="9">84082</subfield>
    <subfield code="a">LBB</subfield>
    <subfield code="b">LBB</subfield>
    <subfield code="c">B662</subfield>
    <subfield code="d">2020-04-27</subfield>
    <subfield code="o">RUB YOR 2017 B662 Or.3</subfield>
    <subfield code="p">A42276</subfield>
    <subfield code="r">2020-04-27</subfield>
    <subfield code="w">2020-04-27</subfield>
    <subfield code="y">RUB</subfield>
  </datafield>
  <datafield tag="952" ind1=" " ind2=" ">
    <subfield code="0">0</subfield>
    <subfield code="1">0</subfield>
    <subfield code="2">ddc</subfield>
    <subfield code="4">0</subfield>
    <subfield code="6">RUB_YOR_2017_000000000000000_B662_OR_4</subfield>
    <subfield code="7">0</subfield>
    <subfield code="9">84083</subfield>
    <subfield code="a">LBB</subfield>
    <subfield code="b">LBB</subfield>
    <subfield code="c">B662</subfield>
    <subfield code="d">2020-04-27</subfield>
    <subfield code="o">RUB YOR 2017 B662 Or.4</subfield>
    <subfield code="p">A42500</subfield>
    <subfield code="r">2020-04-27</subfield>
    <subfield code="w">2020-04-27</subfield>
    <subfield code="y">RUB</subfield>
  </datafield>
  <datafield tag="952" ind1=" " ind2=" ">
    <subfield code="0">0</subfield>
    <subfield code="1">0</subfield>
    <subfield code="2">ddc</subfield>
    <subfield code="4">0</subfield>
    <subfield code="6">RUB_YOR_2017_000000000000000_B662_OR_5</subfield>
    <subfield code="7">0</subfield>
    <subfield code="9">84084</subfield>
    <subfield code="a">LBB</subfield>
    <subfield code="b">LBB</subfield>
    <subfield code="c">B662</subfield>
    <subfield code="d">2020-04-27</subfield>
    <subfield code="o">RUB YOR 2017 B662 Or.5</subfield>
    <subfield code="p">A42515</subfield>
    <subfield code="r">2020-04-27</subfield>
    <subfield code="w">2020-04-27</subfield>
    <subfield code="y">RUB</subfield>
  </datafield>
  <datafield tag="952" ind1=" " ind2=" ">
    <subfield code="0">0</subfield>
    <subfield code="1">0</subfield>
    <subfield code="2">ddc</subfield>
    <subfield code="4">0</subfield>
    <subfield code="6">RUB_YOR_2017_000000000000000_B662_OR_6</subfield>
    <subfield code="7">0</subfield>
    <subfield code="9">84085</subfield>
    <subfield code="a">LBB</subfield>
    <subfield code="b">LBB</subfield>
    <subfield code="c">B662</subfield>
    <subfield code="d">2020-04-27</subfield>
    <subfield code="o">RUB YOR 2017 B662 Or.6</subfield>
    <subfield code="p">A42351</subfield>
    <subfield code="r">2020-04-27</subfield>
    <subfield code="w">2020-04-27</subfield>
    <subfield code="y">RUB</subfield>
  </datafield>
</record>
